[Event "Høstturneringen 2012"]
[Site "Ås, Akershus NOR"]
[Date "2012.11.15"]
[Round "8"]
[White "Thowsen, Alf Geir"]
[Black "Snellingen, Jørn"]
[Result "0-1"]
[WhiteElo "1836"]
[BlackElo "1154"]
[Annotator "Per Lea"]
[PlyCount "38"]
[EventDate "2012.08.30"]

1. d4 Nf6 2. c4 Nc6 3. Nc3 e5 4. d5 Ne7 5. e4 Ng6 6. Nf3 Bc5 7. h3 d6 8. Bd3
O-O 9. a3 a5 10. O-O Nh5 11. Re1 Nhf4 12. Ne2 $2 {Ikke det beste} ({
To alternativ som minimerer svarts fordel, er:} 12. Be3) (12. Bf1) 12... Nxd3
13. Qxd3 f5 {Man aner allerede en svakhet på f2 - og svart kaster seg over
byttet før hvit får summet seg!} 14. Nc3 {"Fram og tilbake er dobbelt så
langt", men hvit sliter allerede med å finne en fornuftig plan.} Nh4 15. Nxh4
$2 {Tillater en sterk kombinasjon - alle sluser åpnes mot hvits konge.} Bxf2+
$1 16. Kf1 $2 {Å flytte kongen i h-linja er det eneste som kan utsette
massakren, men det er ikke så veldig forlokkende når det står et ugardert tårn
på e1} Bxh4 (16... Qxh4 {er enda sterkere, til og med Fritz går vill i alle
vinstvariantene. Hvit må tape drøssevis av materiell.}) 17. Ke2 {
Fra vondt til verre} ({Hvit måtte ha prøvd} 17. Qe2 {men også det taper raskt})
17... Bxe1 18. Kxe1 Qh4+ 19. Kd2 fxe4 {og hvit hadde fått nok bank.} 0-1

[Event "Høstturneringen 2012"]
[Site "Ski, Akershus NOR"]
[Date "2012.11.28"]
[Round "8"]
[White "Garmark, Vegard"]
[Black "Furnes, Torstein"]
[Result "0-1"]
[WhiteElo "1187"]
[BlackElo "1614"]
[Annotator "Torstein Furnes"]
[PlyCount "58"]

1. e4 c5 2. Nf3 Nc6 3. d3 d6 4. Be2 Nf6 5. Bf4 e5 6. Be3 Be7 7. O-O O-O 8. Nbd2
d5 9. exd5 Nxd5 10. Nc4 Nxe3 11. fxe3 Qc7 12. e4 Be6 13. Ne3 Qd7 $6 14. a3 Rad8
15. Qe1 b5 16. Rd1 f6 17. c3 Qb7 18. b4 $6 $17 {En liten feil, ifølge Fritz.}
cxb4 19. axb4 Qb6 $6 $11 ({Bedre er} 19... a5 20. Kh1 (20. bxa5 Bc5 21. d4 exd4
22. cxd4 Nxd4 23. Nxd4 Rxd4 24. Kh1 Rxd1 25. Nxd1 $17) 20... axb4 21. d4 Qb6
22. Nd5 Bxd5 23. exd5 Rxd5 $15) 20. Qf2 a5 ({Fritz foreslår det interessante} 
20... Nxb4 $5 21. cxb4 Bxb4 {og svart har kompensasjon i form av to
sammenhengende fribønder og press i diagonalen fra b6 mot hvits konge.}) 21.
bxa5 Qxa5 $6 $14 ({Fritz mener det er bedre å slå med springeren.} 21... Nxa5
$11) 22. Nh4 $2 $19 ({
En avgjørende feil ifølge Fritz. Hvit beholder en liten fordel etter} 22. d4
exd4 23. Nxd4 Nxd4 24. cxd4 $14) 22... Bc5 23. Qg3 Qxc3 24. Kh1 Bxe3 25. Qxe3
Nd4 26. Rc1 Qb2 27. Bf3 Rc8 28. Nf5 Bxf5 29. Rxc8 $2 Bxc8 0-1

[Event "Høstturneringen 2012"]
[Site "Ås, Akershus NOR"]
[Date "2012.12.13"]
[Round "9"]
[White "Snellingen, Jørn"]
[Black "Furnes, Torstein"]
[Result "1-0"]
[WhiteElo "1836"]
[BlackElo "1614"]
[PlyCount "87"]

1. d4 d5 2. c4 e6 3. Nc3 Nf6 4. cxd5 exd5 5. Bg5 Be7 6. e3 O-O 7. Bd3 Be6 8.
Nge2 Nbd7 9. O-O b6 10. Nf4 h6 11. Bh4 g5 12. Nxe6 fxe6 13. Bg3 c5 14. Rc1 c4
15. Bb1 a6 16. a4 Bb4 17. f3 Qe7 18. e4 dxe4 19. fxe4 Bxc3 20. Rxc3 b5 21. b3
Qb4 22. Be1 cxb3 23. Rxb3 Qxa4 24. Bc2 Rac8 25. Rc3 Qa2 26. Bb3 Qb2 27. Bxe6+
Kg7 28. Rb3 Qc2 29. Qxc2 Rxc2 30. e5 Nxe5 31. dxe5 Ne4 32. Rxf8 Kxf8 33. Re3
Nc5 34. Bf5 Rc1 35. e6 Ke7 36. Kf2 Rc4 37. Ba5 Rf4+ 38. Rf3 Nxe6 39. Rxf4 Nxf4
40. g3 Ne6 41. Ke3 Kd6 42. Bb4+ Kd5 43. Bxe6+ Kxe6 44. Ke4 1-0

[Event "Høstturneringen 2012"]
[Site "Ås, Akershus NOR"]
[Date "2012.12.11"]
[Round "9"]
[White "Olsen, Trygve"]
[Black "Lea, Per"]
[Result "0-1"]
[WhiteElo "1278"]
[BlackElo "1655"]
[Annotator "Lea,Per"]
[PlyCount "45"]
[EventDate "2012.08.30"]

1. e4 e5 2. Nf3 Nc6 3. c3 d5 4. exd5 (4. Qa4 {er trolig det mest spilte i
denne varianten - ganske enkelt fordi det er det mest logiske. Anders Sten
Johansen - Per Lea, Høstturneringa 1986, Ås Sjaklubb, fortsatte:} f6 5. Bb5
Nge7 6. exd5 Qxd5 7. d4 e4 ({Her er} 7... Bg4 {mer vanlig , men det visste vi
ikke den gangen... At vi har holdt oss til det mest populære hittil, var nok
ukjent for oss da dette partiet ble spilt.}) 8. c4 Qf5 9. d5 exf3 10. dxc6 Qe4+
11. Be3 Nxc6 12. Nc3 fxg2 13. Rg1 Qf3 14. Nd5 Bd6 15. Bxc6+ bxc6 16. Qxc6+ Kf7
17. Qxa8 Bg4 {Hvit ga opp}) ({Ikke spesielt vellykket var} 4. Bb5 f6 5. c4 $2
dxe4 6. Qa4 $4 exf3 7. Bxc6+ bxc6 8. Qxc6+ Bd7 {og hvit kom offiser over og
vant lett. Reidar Hansen - Per Lea, Oslomesterskapet for høyere skoler, 1966.})
4... Qxd5 5. c4 Qa5 ({
I Svein Olsen - Per Lea, Østlandsseriens 4. divisjon, 1999, prøvde jeg:} 5...
Qe4+ 6. Be2 Bg4 7. Nc3 Qf5 8. O-O Nf6 9. Nh4 Qh5 10. Bxg4 Nxg4 11. Nf3 O-O-O
12. h3 Nf6 13. Qe2 Bc5 14. a3 Rhe8 15. b4 Nd4 16. Nxd4 exd4 17. Qxh5 Nxh5 18.
Nb5 Be7 19. Bb2 a6 20. Nxd4 Bf6 21. Rfe1 Rxe1+ 22. Rxe1 Bxd4 23. Bxd4 Rxd4 24.
Re5 Nf6 {og hvit ga opp}) 6. Be2 $2 {
Tilsynelatende et naturlig trekk, men en stor feil som svart ikke utnytter} ({
Jon-Eirik Brennvall - Per Lea (Søstturneringa 1994, Ås Sjakklubb) fortsatte:} 
6. Nc3 Bg4 7. Be2 O-O-O 8. a3 Nf6 9. h3 Bh5 10. Rb1 Nd4 11. b4 Nxf3+ 12. gxf3
Qa6 13. c5 Qc6 14. d3 Nd5 15. Ne4 f5 16. Ng3 $2 Nc3 17. Qb3 Nxe2 18. Nxh5 Qxf3
19. Qe6+ Kb8 20. Rf1 Nc3 21. Rb2 Qd1#) 6... Nf6 $2 ({
Ingen av oss hadde sett det enkle} 6... e4 7. Ng1 Nf6 {
med enormt utviklingsforsprang for svart}) 7. O-O Bc5 $2 {Fremdeles kunne
hvits springer blitt jaget vekk, men nå ville den tross alt hatt feltet e1 til
rådighet. Men c5 er ikke noe bra sted for løperen uansett.} 8. d3 $2 (8. Nxe5
$1 Nd4 (8... Nxe5 9. d4 Bxd4 10. Qxd4 Nc6 11. Qe3+ {
og plutselig er det hvit som står ørlite grann bedre}) 9. Nc3 O-O {med lik stil
ling; svart har muligens tilstrekkelig kompensasjon for minusbonden. Bonden på
d2 står stort sett bare i veien.}) 8... O-O 9. Bd2 (9. b3 {
som svart foreslo under analysene, var nok ikke så godt allikevel:} e4 10. dxe4
Nxe4 11. Bd3 Bf5 12. Bxe4 Bxe4 13. Bd2 Bb4 14. Ng5 Bg6 15. a3 Bxd2 16. Qxd2
Rad8 17. Qxa5 Nxa5 18. Nc3 Bd3 19. Rfe1 Nxb3 20. Rad1 {
med klar fordel for svart}) 9... Qb6 10. Bc3 $2 {
Hvit tror han må gardere b-bonden, men:} (10. Nc3 Qa6 (10... Qxb2 $4 11. Rb1
Qa3 12. Nb5 Qxa2 13. Ra1 Qb2 14. Bc3 {og hvit vinner}) 11. a3 Nd4 12. Nxd4 Bxd4
13. Nb5 Qb6 14. Nxd4 exd4 {og hvit har fordelen av løperparet, men en
etterhengende bonde på d3. I sum er nok hvits stilling å foretrekke.}) 10...
Re8 (10... e4 {ble aldri vurdert på grunn av regnefeilen} 11. Bxf6 $2 exf3 $1 (
{Jeg hadde bare sett på} 11... gxf6) 12. Bxf3 gxf6 13. Nc3 Qxb2 14. Na4 Qa3 15.
Bxc6 bxc6 16. Nxc5 Qxc5 {Svart har rett nok to par heslige dobbeltbønder, men
det mer enn oppveies av meroffiseren}) 11. b3 Bg4 (11... e4 12. Ne1 (12. dxe4
Nxe4 13. Be1 Nd4) 12... Nd4 13. dxe4 Nxe4 {med klar fordel for svart}) 12. Nbd2
Rad8 {Endelig et trekk som får godkjentstempel av Fritz...} 13. Qc2 Nd4 14.
Nxd4 $4 {Tapstrekket, men det så kanskje fristende ut. At svart frivillig
skulle velge å lukke diagonalen mot f2 ved å slå igjen med bonden, virker ikke
som en naturlig plan. Men det vinner en offiser!} ({Hvit måtte ha prøvd} 14.
Bxd4 exd4 15. Rfe1 {men ville fremdeles hatt problemer.}) 14... exd4 15. Bxg4
dxc3 16. Ne4 Nxg4 17. Nxc5 Qxc5 18. Qxc3 Re2 19. d4 Rxd4 20. h3 $2 {
Tillater en småfiks kombinasjon:} Nxf2 21. Qf3 (21. Rxf2 $4 Rd1+ {
med matt i høyst 3 trekk}) 21... Nxh3+ 22. Kh1 Ng5 {
Dekker f7 og truer tårnmatt på h4} 23. g4 $4 {Hvit oppdager plutselig fadesen
før svart rekker å slå dronninga. MEN: her glemmer hvit det psykolgiske
aspektet som kan slå ut for spillere på vårt nivå: når man har gjort en sånn
tabbe, må man for all del holde kjeft og late som ingenting. I denne
stillingen hadde jeg nemlig overhodet ikke vurdert muligheten av at hvit ikke
skulle redde dronninga, så det er slett ikke usannsynlig at jeg hadde spilt
noe helt annet - som jeg gjorde mot Jan Rune Moberg i en tidligere runde da
jeg først truet hans tårn med springeren, og deretter unnlot å slå det da han
lot det stå i slag!} 0-1

[Event "Høstturneringen 2012"]
[Site "Ås, Akershus NOR"]
[Date "2012.12.13"]
[Round "9"]
[White "Kielland-Lund, Jon"]
[Black "Simonsen, Steinar"]
[Result "1-0"]
[WhiteElo "1587"]
[BlackElo "1336"]
[PlyCount "81"]

1. c4 e5 2. Nc3 Nf6 3. Nf3 Nc6 4. e3 d5 5. cxd5 Nxd5 6. Bb5 Nxc3 7. Bxc6+ bxc6
8. dxc3 Qxd1+ 9. Kxd1 Bg4 10. h3 Bxf3+ 11. gxf3 O-O-O+ 12. Ke2 f5 13. e4 f4 14.
b3 Be7 15. Bb2 Rd7 16. Rad1 Rxd1 17. Rxd1 Rd8 18. Rxd8+ Kxd8 19. c4 Bf6 20. Ba3
Kc8 21. Kd3 Kd7 22. Bc5 a6 23. Kc3 Kc8 24. Kb4 Kb7 25. Ka5 h6 26. a4 h5 27. b4
g6 28. b5 cxb5 29. cxb5 axb5 30. Kxb5 c6+ 31. Kb4 Ka6 32. Bd6 g5 33. Kc5 Kb7
34. a5 g4 35. fxg4 hxg4 36. hxg4 Bh4 37. f3 Bf2+ 38. Kc4 Ka6 39. Bxe5 Kxa5 40.
g5 c5 41. g6 1-0

[Event "Høstturneringen 2012"]
[Site "Ås, Akershus NOR"]
[Date "2012.12.13"]
[Round "9"]
[White "Thowsen, Alf Geir"]
[Black "Garmark, Vegard"]
[Result "0-1"]
[WhiteElo "1154"]
[BlackElo "1249"]
[PlyCount "115"]
[EventDate "2012.08.30"]

1. d4 Nf6 2. c4 g6 3. Nc3 Bg7 4. Nf3 d6 5. e3 Bf5 6. Bd3 Qd7 7. Qc2 Bxd3 8.
Qxd3 O-O 9. O-O Nc6 10. Bd2 Rad8 11. Rfe1 e6 12. Rad1 d5 13. cxd5 Nxd5 14. Nxd5
Qxd5 15. Bc3 e5 16. e4 Qd7 17. d5 Ne7 18. Nxe5 Qd6 19. Nc4 Qc5 20. b4 Qb5 21.
Bxg7 Kxg7 22. Qc3+ Kg8 23. a3 f5 24. f3 c5 25. d6 Nc6 26. bxc5 Qxc5+ 27. Kh1 b5
28. Rd5 Qxc4 29. Qe3 fxe4 30. Rc5 Qd3 31. Rxc6 Rxd6 32. Rxd6 Qxd6 33. Qb3+ Rf7
34. Rxe4 Kg7 35. Qc3+ Qf6 36. Qe1 Qd6 37. Qc3+ Qf6 38. Qe1 Rd7 39. h3 Qd6 40.
Qa1+ Kf7 41. Qh8 Qd1+ 42. Kh2 Qd6+ 43. f4 h5 44. Qh7+ Kf8 45. Qh8+ Kf7 46. Qh7+
Kf6 47. Qh6 Re7 48. Qg5+ Kf7 49. Rb4 a6 50. Qg3 Qb6 51. a4 Re3 52. Qg5 Qd6 53.
axb5 Qxb4 54. f5 Qd6+ 55. Kg1 Re1+ 56. Kf2 Rd1 57. Ke2 Qd3+ 58. Kf2 {
og hvit ga samtidig opp} 0-1

[Event "Høstturneringen 2012"]
[Site "Ås, Akershus NOR"]
[Date "2012.12.13"]
[Round "9"]
[White "Hanssen, Jon Fr"]
[Black "Stensland, Martin"]
[Result "1/2-1/2"]
[WhiteElo "1002"]
[BlackElo "1160"]
[PlyCount "97"]

1. e4 e6 2. Nc3 d5 3. d4 dxe4 4. Nxe4 Nf6 5. Bg5 Be7 6. Nxf6+ Bxf6 7. Bxf6 Qxf6
8. Nf3 O-O 9. Be2 Nc6 10. O-O b6 11. c3 Bb7 12. Qd2 Rad8 13. Qg5 Qxg5 14. Nxg5
Ne7 15. Bd3 h6 16. Nf3 Bxf3 17. gxf3 Nd5 18. Rfe1 Nf4 19. Be4 c5 20. dxc5 bxc5
21. Rad1 Nh3+ 22. Kg2 Nf4+ 23. Kf1 c4 24. Bc2 Nd3 25. Bxd3 cxd3 26. Rd2 Rb8 27.
b3 Rfd8 28. Re3 g6 29. Rexd3 Rdc8 30. c4 a5 31. a4 Kg7 32. Kg2 Rc5 33. f4 Rf5
34. Kg3 g5 35. fxg5 Rxg5+ 36. Kh3 f5 37. f4 Rg4 38. Rg2 h5 39. Rgg3 Kf6 40.
Rgf3 Rb6 41. c5 Rc6 42. Rc3 e5 43. fxe5+ Kxe5 44. Rfe3+ Kf6 45. Red3 Ke6 46.
Re3+ Re4 47. Rg3 Ke5 48. Rgd3 f4 49. Rf3 1/2-1/2

[Event "Klubbmesterskapet 2012 (A)"]
[Site "Ås, Akershus NOR"]
[Date "2012.01.19"]
[Round "1"]
[White "Olsen, Trygve"]
[Black "Høva, Frode"]
[Result "1-0"]
[WhiteElo "1278"]
[BlackElo "1573"]
[PlyCount "81"]
[EventDate "2012.01.19"]

1. f4 c5 2. Nf3 d5 3. d3 Nc6 4. e3 Nf6 5. h3 e6 6. Nbd2 Bd6 7. c4 d4 8. Ne4
Nxe4 9. dxe4 Bc7 10. exd4 cxd4 11. Bd3 Ba5+ 12. Kf2 O-O 13. a3 Bc7 14. b4 a5
15. b5 Ne7 16. Rf1 Ng6 17. e5 Bb6 18. Kg1 f6 19. Kh1 fxe5 20. Bxg6 hxg6 21.
Nxe5 Qe8 22. Qd3 Rf6 23. a4 Bd7 24. Qe4 Rb8 25. Ba3 Bc7 26. Qxd4 Rd8 27. Qe4
Bc8 28. Bb2 Bxe5 29. Bxe5 Rf5 30. Rad1 Qe7 31. c5 Rxd1 32. Rxd1 Qxc5 33. g4
Rxe5 34. fxe5 Qc7 35. Qxg6 b6 36. Qg5 Bb7+ 37. Kh2 Qc2+ 38. Rd2 Qe4 39. Rd8+
Kf7 40. Rd7+ Ke8 41. Qe7# 1-0

[Event "Klubbmesterskapet 2012 (A)"]
[Site "Ås, Akershus NOR"]
[Date "2012.01.19"]
[Round "1"]
[White "Bakken, Svein-Erik"]
[Black "Lange, David"]
[Result "0-1"]
[WhiteElo "1434"]
[BlackElo "1803"]
[PlyCount "106"]

1. d4 d5 2. c4 c6 3. Nc3 Nf6 4. Nf3 g6 5. Bf4 Bg7 6. e3 O-O 7. Be2 Bf5 8. Qb3
b6 9. O-O dxc4 10. Bxc4 b5 11. Be2 Be6 12. Qc2 Qb6 13. Rac1 Rc8 14. a3 a5 15.
Ng5 Bd7 16. Nge4 Na6 17. Nxf6+ Bxf6 18. Ne4 Bg7 19. Nc5 Nxc5 20. Qxc5 Qxc5 21.
Rxc5 Bf8 22. Rcc1 f6 23. Bf3 Ra6 24. Rc2 g5 25. Bg3 Bf5 26. Rcc1 Rb6 27. h3 b4
28. e4 Bd7 29. axb4 Rxb4 30. Rc2 Rxd4 31. Rfc1 e5 32. Rc4 Rxc4 33. Rxc4 Rb8 34.
Rc2 Rb4 35. Bg4 Be8 36. f3 Rd4 37. Bf2 Rd3 38. Bc5 a4 39. Bxf8 Kxf8 40. Rc4 Rd4
41. Rc2 Ke7 42. Kf2 Kd6 43. Ke3 c5 44. g3 Bb5 45. Rc3 c4 46. f4 Kc5 47. fxg5
fxg5 48. h4 h6 49. Be2 Kb4 50. hxg5 hxg5 51. g4 Bc6 52. Bf3 Bb7 53. Bg2 Rd3+
0-1

[Event "Klubbmesterskapet 2012 (A)"]
[Site "Ås, Akershus NOR"]
[Date "2012.01.19"]
[Round "1"]
[White "Kielland-Lund, Jon"]
[Black "Furnes, Torstein"]
[Result "1/2-1/2"]
[WhiteElo "1625"]
[BlackElo "1585"]
[PlyCount "113"]

1. c4 e5 2. Nc3 Nf6 3. g3 Bc5 4. Bg2 O-O 5. Nf3 d6 6. O-O Nc6 7. d3 Bg4 8. Bg5
h6 9. Bxf6 Qxf6 10. Nd5 Qd8 11. a3 a5 12. Rb1 Ne7 13. b4 axb4 14. axb4 Nxd5 15.
cxd5 Bb6 16. Nd2 Ra2 17. Bf3 Bxf3 18. Nxf3 Qd7 19. e4 Rfa8 {
I flere trekk framover mener Fritz det er viktig for svart å spille f5.} (19...
f5) 20. Kg2 Qb5 21. Rb3 R8a4 (21... f5) 22. Qb1 Re2 (22... f5) 23. Ng1 Rea2 24.
Nf3 Qa6 (24... f5) 25. h3 Qa7 (25... Re2 26. Ng1 Rxf2+ $1 27. Rxf2 Bxf2 28.
Kxf2 $2 Ra1 29. Qc2 Qa7+ 30. d4 Ra2 31. Qe2 (31. Rb2 Qxd4+) 31... Qxd4+ 32. Kf3
Rxe2) 26. Qe1 Ra1 (26... Rc2 27. Rc3 Rb2) 27. Rb1 R1a3 28. Qd1 Qa6 29. Ne1 Qb5
30. Qd2 Bd4 31. Qe2 Ra2 32. Qg4 Ra8 33. Rc1 Bb6 34. Rb1 R2a4 35. h4 Rxb4 36.
Rxb4 Qxb4 37. Qd7 Qc3 38. Qb5 Qd4 39. Qd7 Qa4 (39... g6) 40. Qf5 Bc5 41. Qg4 b5
42. Qe2 b4 43. Nc2 Qb5 (43... b3 44. Ra1 Qe8) 44. Ra1 Rb8 $2 (44... Rxa1 45.
Nxa1 Qa4) 45. Rb1 b3 46. Ne3 Bxe3 47. Qxe3 b2 48. Qd2 Qb3 49. Kh3 Kh7 50. Kg2
Qa2 51. Qc2 Rb3 52. Kh3 Rb7 53. Kg2 Kg6 54. Kh3 Qa3 55. Kg2 Qb4 56. Kh3 Qd4 57.
Kg2 1/2-1/2

[Event "Klubbmesterskapet 2012 (A)"]
[Site "Ås, Akershus NOR"]
[Date "2012.01.19"]
[Round "1"]
[White "Lange, Holger"]
[Black "Snellingen, Jørn"]
[Result "0-1"]
[WhiteElo "1660"]
[BlackElo "1828"]
[Annotator "Lange,Holger"]
[PlyCount "134"]
[EventDate "2012.01.19"]

1. e4 Nf6 2. e5 Nd5 3. d4 d6 4. c4 Nb6 5. Nf3 g6 6. Nc3 Bg7 7. Be3 Nc6 8. exd6
exd6 9. h3 O-O 10. Be2 d5 11. c5 Nc4 12. Bxc4 dxc4 13. O-O Bf5 14. Rc1 Bd3 15.
Ne2 Nb4 16. a3 Nd5 17. Re1 Re8 18. Qd2 b5 19. Nc3 Nxe3 20. fxe3 c6 21. Nd1 f5
22. Nf2 Be4 23. Nxe4 Rxe4 24. Qf2 Qe7 25. Nd2 Re6 26. Qf4 Re8 27. Nf1 Re4 28.
Qd6 Qxd6 29. cxd6 Rd8 30. Nd2 Ree8 31. b3 Rxd6 32. bxc4 bxc4 33. Nxc4 Rde6 34.
Kf2 g5 35. Na5 f4 36. Nxc6 fxe3+ 37. Ke2 Rf8 38. Rf1 Rfe8 39. d5 Rd6 40. Rcd1
a6 41. Rf3 Bb2 42. Rd3 Bc1 43. Rf5 h6 44. Rb3 Rd7 45. a4 Re4 46. Rb8+ Kg7 47.
Rb4 Rxb4 48. Nxb4 a5 49. Nd3 Bd2 50. Nc5 Rd6 51. Ne4 Rb6 52. d6 Bb4 53. Rd5
Bxd6 54. Nxd6 Rb4 55. Rxa5 Rb2+ 56. Kxe3 Rxg2 57. Kf3 Rd2 58. Nc4 Rd3+ 59. Ne3
Kg6 60. Rd5 Ra3 61. a5 h5 62. Rd6+ Kg7 63. a6 g4+ 64. hxg4 hxg4+ 65. Kf4 g3 66.
Nf5+ Kf7 67. Nxg3 Ke7 {Time Zeit} 0-1

[Event "Klubbmesterskapet 2012 (A)"]
[Site "Ås, Akershus NOR"]
[Date "2012.01.19"]
[Round "1"]
[White "Moberg, Jan Rune"]
[Black "Lea, Per"]
[Result "0-1"]
[WhiteElo "1603"]
[BlackElo "1669"]
[PlyCount "98"]
[EventDate "2012.01.19"]

1. Nf3 Nf6 2. d4 d5 3. c4 e6 4. g3 c5 5. dxc5 Bxc5 6. Bg2 O-O 7. O-O Nc6 8. a3
a5 9. Qc2 Qe7 10. Bg5 dxc4 11. Qxc4 Ba7 12. Nc3 h6 13. Bf4 e5 14. Bc1 Be6 15.
Qh4 Rfd8 16. Nd2 Rd4 17. Nde4 Nxe4 18. Qxe7 Nxe7 19. Bxe4 Nd5 20. Bxd5 Bxd5 21.
Be3 Bc4 22. Bxd4 exd4 23. Ne4 Bxe2 24. Rfe1 d3 25. Nc3 Bf3 26. Ne4 Rc8 27. Nd2
Be2 28. Rac1 Rc2 29. Rxc2 dxc2 30. Rc1 Bd1 31. Ne4 Bd4 32. Nc3 Bxc3 33. bxc3
Kf8 34. Kf1 Ke7 35. Ke1 Kd6 36. Kd2 Kc5 37. Ra1 Kc4 38. a4 Kb3 39. f4 f5 40. h3
Kb2 41. Rc1 Kb3 42. g4 g6 43. gxf5 gxf5 44. h4 h5 45. Kd3 Kxa4 46. Kc4 Ka3 47.
Kd3 Kb2 48. Kd2 a4 49. c4 a3 0-1

[Event "Klubbmesterskapet 2012 (A)"]
[Site "Ås, Akershus NOR"]
[Date "2012.01.26"]
[Round "2"]
[White "Høva, Frode"]
[Black "Lea, Per"]
[Result "0-1"]
[WhiteElo "1573"]
[BlackElo "1669"]
[Annotator "Lea,Per"]
[PlyCount "72"]
[EventDate "2012.01.19"]

1. d4 d5 2. c4 e6 3. Nc3 Nf6 4. Bg5 Be7 5. e3 c6 {[%emt 0:00:00]} 6. Qf3 Nbd7
7. h4 Qa5 8. Nh3 Ne4 9. Bxe7 Kxe7 {Etter lang betenkningstid valgte jeg det
sikre framfor det dristige - trodde jeg. I realiteten valgte jeg det dårlige
framfor det gode...} (9... Nxc3 10. Ng5 f6 11. Bd6 (11. Qh5+ g6 12. Qh6 fxg5
13. a3 Ne4+ 14. Bb4 Qd8 15. Bd3 $19) 11... fxg5 12. Qh5+ g6 13. Qxg5 Ne4+ 14.
b4 Nxg5 15. bxa5 Nf7 {og hvit har neppe kompensasjon for den manglende
springeren med sitt løperpar og bedre utvikling.}) 10. Ng5 Ndf6 11. Rc1 {
Springerbytte på e4 før tårntrekket er nok bedre} Nxc3 12. bxc3 ({Ikke} 12.
Rxc3 $4 h6 13. Nh3 Ne4 14. Qd1 Nxc3 15. Qd2 Qxa2 16. Qxc3 {
med kvalitet og bonde over for svart}) 12... Qxa2 13. Bd3 {En unøyaktighet
først påpekt av hvit selv - seimnere på natta bekreftet av Fritz 11. Bedre -
og mer naturlig - er:} (13. cxd5 exd5 14. Bd3 h6 15. Nh3 Qa3 16. Qd1 {
selv om også denne stillingen er fordelaktig for svart}) 13... h6 14. Nh3 dxc4
15. Bb1 Qa5 16. O-O Rd8 17. g4 {Friskt spilt - jeg innbiller meg at Arne
Hovland applauderer i bakgrunnen. På vårt nivå kan denslags fort føre både til
poenghøst og beundring - når det fører fram.} g5 (17... e5 18. g5 Nd5 19. dxe5
Bxh3 20. Qxh3 Nxc3 {er nok objektivt sett sterkere, men ikke så lett å se
konsekvensene av når man sitter ved brettet og er under press. Da har klokka
en tendens til å gå veldig fort!}) 18. hxg5 hxg5 19. e4 {Hadde jeg spilt hvit
her, hadde jeg trolig gjort akkurat det samme. Beklageligvis er Fritz dypt
uenig, hvilket er flott sett fra min side: jeg fant nemlig det beste trekket i
stillingen etter å ha forkastet det jeg opprinnelig hadde planlagt, nemlig å
gardere g-bonden med tårnet.} e5 ({Planen var} 19... Rg8 20. e5 Nh7 $4 21. Bxh7
{Siste trekket i planen hadde jeg totalt oversett...}) 20. Nxg5 Bxg4 {
Naturlig (skaffer endelig forbindelse mellom tårnene) og godt, men ikke så
godt som} (20... Rg8 {og springeren kan ikke reddes}) 21. Qg3 Rg8 22. dxe5 Rxg5
{Bør holde, men langt bedre er} (22... Nh5 23. Qxg4 Qxe5 24. f4 Nxf4 25. Kf2
Rxg5 26. Qf3 Rag8 {med knusende stilling}) 23. exf6+ Kxf6 (23... Ke6 24. e5 Qc5
({Ikke det naturlige} 24... Rag8 {på grunn av} 25. f4 Qb6+ 26. Qf2 Rh5 27. Qxb6
axb6 28. Kf2 {selv om også dette bør vinne i lengden}) 25. Be4 Rag8 26. Bg2 Bf5
27. Qf3 Rg3 {og hvit er fortapt}) 24. f4 Rg7 25. Qh4+ Ke6 26. f5+ Kd7 (26...
Bxf5+ 27. Kh1 Bh7 28. Qf6+ Kd7 29. Qxg7 Qh5+ 30. Kg2 Rg8 31. Qxg8 Bxg8 {
bør være grei vinst, men jeg var - kanskje uten grunn - redd for å spille med
dame mot 2 tårn. Tre merbønder hjelper jo litt...}) 27. Kh1 $4 {Ikke lett å
finne noe fornuftig, men nå rekker svart å sentralisere dronninga, og den
hvite kongen står mer utrygt enn noen gang.} Qe5 28. Rf2 Rag8 29. Qh6 Rg5 30.
Rh2 {Nå blir det forsert matt:} Bf3+ 31. Rg2 Bxg2+ 32. Kg1 Bxe4+ 33. Kf2 Rxf5+
(33... Qc5+ 34. Ke2 Rg2+ 35. Kd1 Qg1# {hadde vært ett trekk raskere}) 34. Ke3
Bxb1+ (34... Bc2+ 35. Kd2 Rg2#) (34... Bd3+ 35. Kd2 Qe2# {
var to raskere varianter}) 35. Kd2 Rf2+ 36. Kd1 Rg1# 0-1

[Event "Klubbmesterskapet 2012 (A)"]
[Site "Ås, Akershus NOR"]
[Date "2012.01.26"]
[Round "2"]
[White "Snellingen, Jørn"]
[Black "Moberg, Jan Rune"]
[Result "1-0"]
[WhiteElo "1828"]
[BlackElo "1603"]
[PlyCount "33"]
[EventDate "2012.01.19"]

1. d4 d5 2. c4 e6 3. Nc3 Nf6 4. cxd5 exd5 5. Bg5 Bb4 6. e3 a6 7. Bd3 b5 8. a4
Bxc3+ 9. bxc3 b4 10. cxb4 Qd6 11. Qb3 Ne4 12. Bf4 Qg6 13. Qxd5 Nc3 14. Qe5+ Qe6
15. Qxe6+ Bxe6 16. e4 Bb3 17. Ra3 1-0

[Event "Klubbmesterskapet 2012 (A)"]
[Site "Ås, Akershus NOR"]
[Date "2012.01.26"]
[Round "2"]
[White "Furnes, Torstein"]
[Black "Lange, Holger"]
[Result "1/2-1/2"]
[WhiteElo "1585"]
[BlackElo "1660"]
[PlyCount "90"]

1. d4 Nf6 2. c4 e6 3. Nc3 Bb4 4. Qc2 O-O 5. a3 Bxc3+ 6. Qxc3 d5 7. e3 b6 8. Nf3
Bb7 9. c5 Ne4 10. Qc2 Qe7 11. cxb6 cxb6 12. Bd3 Rc8 13. Qe2 Nd6 14. O-O Nd7 15.
b3 Nf6 16. Bb2 Rc7 17. Rfc1 Rac8 18. Rxc7 Rxc7 19. Rc1 Nde4 20. Ne5 Rxc1+ 21.
Bxc1 Qc7 22. Qc2 Qxc2 23. Bxc2 Nc3 24. Bd3 Nce4 25. f3 Nd6 26. a4 Nfe8 27. Ba3
f6 28. Ng4 h5 29. Nf2 Kf7 30. Nd1 Bc6 31. Nc3 f5 32. h4 Kf6 33. Kf2 Nf7 34. e4
fxe4 35. fxe4 dxe4 36. Nxe4+ Bxe4 37. Bxe4 Ned6 38. Bf3 g6 39. g3 Nf5 40. Bb2
Ke7 41. Be2 N7d6 42. Kf3 Kf7 43. Kf4 Ne8 44. Bd3 Ned6 45. Ba3 Kf6 1/2-1/2